[Event "Mumbai Aurionpro GM op"]
[Site "Mumbai"]
[Date "2025.06.16"]
[Round "1"]
[White "Gogte, Soumil"]
[Black "Nikitenko, Mihail"]
[Result "0-1"]
[WhiteElo "1821"]
[BlackElo "2520"]
[PlyCount "124"]
[EventDate "2025.06.16"]
[EventType "swiss"]
[EventRounds "9"]
[EventCountry "IND"]
[SourceTitle "CB26_2025"]
[SourceDate "2025.06.25"]
[SourceVersion "1"]
[SourceVersionDate "2025.06.25"]
[SourceQuality "1"]

1. d4 Nf6 2. Nf3 e6 3. c4 h6 4. g3 Bb4+ 5. Bd2 Be7 6. Bg2 d5 7. Qc2 0-0 8. 0-0 c6 9. Bf4 Nbd7 10. Rd1 a5 11. h4 b6 12. Ne5 Nxe5 13. dxe5 Nd7 14. cxd5 cxd5 15. e4 d4 16. Rxd4 g5 17. hxg5 hxg5 18. Qd1 Kg7 19. Nd2 Rg8 20. Be3 Bc5 21. Rd3 Bxe3 22. Rxe3 Nxe5 23. Nf3 Qf6 24. Nxe5 Qxe5 25. Qb3 Ba6 26. Rd1 Rgd8 27. Ree1 b5 28. Qe3 b4 29. Qb6 Bd3 30. Qe3 Bc2 31. Rxd8 Rxd8 32. Rc1 Rd1+ 33. Rxd1 Bxd1 34. Qd2 Ba4 35. f4 Qc5+ 36. Kh2 gxf4 37. gxf4 Qh5+ 38. Kg1 Bb5 39. Qd4+ Kh7 40. Qf6 Bc4 41. a3 b3 42. Qc3 Qd1+ 43. Kh2 Be2 44. Qf6 Bh5 45. Qg5 Qe2 46. f5 exf5 47. Qxf5+ Bg6 48. Qh3+ Kg7 49. Qxb3 Bxe4 50. Qg3+ Bg6 51. Qc3+ Kh7 52. Qxa5 Qxb2 53. Qb4 Qe5+ 54. Kg1 f5 55. a4 f4 56. a5 Kh6 57. Qf8+ Kg5 58. Qd8+ Kg4 59. Qd1+ Kh4 60. Qd8+ Kg3 61. Qb6 Qe1+ 62. Bf1 Bd3 0-1

[Event "New Delhi op 21st"]
[Site "New Delhi"]
[Date "2025.06.10"]
[Round "5"]
[White "Nikitenko, Mihail"]
[Black "Narayanan, Sunilduth Lyna"]
[Result "0-1"]
[WhiteElo "2520"]
[BlackElo "2600"]
[PlyCount "60"]
[EventDate "2025.06.07"]
[EventType "swiss"]
[EventRounds "10"]
[EventCountry "IND"]
[SourceTitle "CB26_2025"]
[SourceDate "2025.06.25"]
[SourceVersion "1"]
[SourceVersionDate "2025.06.25"]
[SourceQuality "1"]

1. d4 Nf6 2. c4 e6 3. Nc3 Bb4 4. Qc2 d5 5. a3 Bxc3+ 6. Qxc3 0-0 7. Bg5 c5 8. dxc5 d4 9. Qc2 e5 10. Nf3 Nc6 11. 0-0-0 h6 12. Bh4 Bg4 13. e3 Qe7 14. Bd3 dxe3 15. Bxf6 Qxf6 16. fxe3 Qe7 17. Be4 Qxc5 18. Qc3 Rac8 19. Rd5 Qe7 20. Rd2 b5 21. c5 b4 22. Qc4 Be6 23. Qa6 bxa3 24. Qxa3 Na5 25. Rc2 Nc4 26. Qb4 a5 27. Qc3 Qxc5 28. Kb1 Qb6 29. Re1 f5 30. Bd3 e4 0-1

[Event "New Delhi op 21st"]
[Site "New Delhi"]
[Date "2025.06.08"]
[Round "3"]
[White "Nikitenko, Mihail"]
[Black "Ramakrishna, J."]
[Result "1-0"]
[WhiteElo "2520"]
[BlackElo "2036"]
[PlyCount "35"]
[EventDate "2025.06.07"]
[EventType "swiss"]
[EventRounds "10"]
[EventCountry "IND"]
[SourceTitle "CB26_2025"]
[SourceDate "2025.06.25"]
[SourceVersion "1"]
[SourceVersionDate "2025.06.25"]
[SourceQuality "1"]

1. e4 c5 2. Be2 Nc6 3. d3 g6 4. f4 Bg7 5. Nf3 d5 6. c3 e5 7. 0-0 Nge7 8. Qe1 h6 9. Na3 exf4 10. Bxf4 g5 11. Qg3 0-0 12. Nxg5 hxg5 13. Bxg5 Qd7 14. h4 Kh8 15. h5 Be5 16. Bf6+ Bxf6 17. Rxf6 Ng8 18. h6 1-0

[Event "Sharjah Masters-A 8th"]
[Site "Sharjah"]
[Date "2025.05.23"]
[Round "7"]
[White "Ahmadzada, Ahmad Samir"]
[Black "Nikitenko, Mihail"]
[Result "1-0"]
[WhiteElo "2564"]
[BlackElo "2516"]
[PlyCount "115"]
[EventDate "2025.05.17"]
[EventType "swiss"]
[EventRounds "9"]
[EventCountry "UAE"]
[SourceTitle "CB22_2025"]
[SourceDate "2025.05.28"]
[SourceVersion "1"]
[SourceVersionDate "2025.05.28"]
[SourceQuality "1"]

1. e4 c5 2. c3 d5 3. exd5 Qxd5 4. d4 Nc6 5. Nf3 e6 6. Na3 Qd8 7. Bf4 Nf6 8. dxc5 Qxd1+ 9. Rxd1 Bxc5 10. Nb5 0-0 11. Be2 a6 12. Nbd4 Nxd4 13. Nxd4 Re8 14. Be5 Nd7 15. Bg3 e5 16. Nb3 Bb6 17. Nd2 Nf6 18. Bh4 Be6 19. Bxf6 gxf6 20. Bc4 Red8 21. Bxe6 fxe6 22. Ke2 Rac8 23. Ne4 f5 24. Rd6 Rxd6 25. Nxd6 Rc6 26. Rd1 Kf8 27. g4 Bc7 28. Nxb7 Ke7 29. Rd2 e4 30. h3 f4 31. a4 f3+ 32. Ke3 Rc4 33. b4 Bb6+ 34. Nc5 a5 35. Rd7+ Kf6 36. Rd4 Rxc3+ 37. Kxe4 Bxc5 38. bxc5 Rxc5 39. Kxf3 h6 40. Kg3 Ke5 41. Rf4 Rc1 42. Rf8 Ra1 43. Kh4 Rxa4 44. Kh5 Rf4 45. Ra8 Rf6 46. Rxa5+ Kf4 47. Ra6 Ke5 48. h4 Kd5 49. f3 Ke5 50. Ra4 Rf8 51. Re4+ Kd5 52. Kxh6 Rf6+ 53. Kg5 Rxf3 54. Re1 e5 55. h5 e4 56. h6 Rf8 57. h7 Ke5 58. Kh6 1-0

[Event "Sharjah Masters-A 8th"]
[Site "Sharjah"]
[Date "2025.05.22"]
[Round "6"]
[White "Nikitenko, Mihail"]
[Black "Mendonca, Leon Luke"]
[Result "0-1"]
[WhiteElo "2516"]
[BlackElo "2630"]
[PlyCount "60"]
[EventDate "2025.05.17"]
[EventType "swiss"]
[EventRounds "9"]
[EventCountry "UAE"]
[SourceTitle "CB22_2025"]
[SourceDate "2025.05.28"]
[SourceVersion "1"]
[SourceVersionDate "2025.05.28"]
[SourceQuality "1"]

1. d4 Nf6 2. c4 e6 3. Nf3 d5 4. g3 Bb4+ 5. Bd2 Be7 6. Bg2 0-0 7. 0-0 c6 8. Qc2 Nbd7 9. Bf4 a5 10. h4 h6 11. Nbd2 Nh5 12. e3 a4 13. a3 f5 14. cxd5 exd5 15. Bh3 Nb6 16. Be5 Rf7 17. Nh2 Nf6 18. Rad1 Ne4 19. f3 Nxd2 20. Rxd2 Nc4 21. Re2 Ra5 22. Rff2 Qb6 23. f4 Rb5 24. Qxa4 Nxb2 25. Qa8 Rf8 26. a4 Rb3 27. a5 Qb5 28. Qb8 Qxa5 29. Bxg7 Kxg7 30. Bxf5 Nc4 0-1

[Event "RUS-chT 32nd"]
[Site "Sochi"]
[Date "2025.04.30"]
[Round "5.2"]
[White "Nikitenko, Mihail"]
[Black "Korchmar, Vasiliy"]
[Result "1/2-1/2"]
[WhiteElo "2516"]
[BlackElo "2414"]
[PlyCount "54"]
[EventDate "2025.04.26"]
[EventType "team-swiss"]
[EventRounds "9"]
[EventCountry "RUS"]
[SourceTitle "CB19_2025"]
[SourceDate "2025.05.07"]
[SourceVersion "1"]
[SourceVersionDate "2025.05.07"]
[SourceQuality "1"]
[WhiteTeam "Belarus"]
[BlackTeam "Saratov Muromtsev"]
[WhiteTeamCountry "BLR"]
[BlackTeamCountry "RUS"]

1. e4 e5 2. Nf3 Nc6 3. Bc4 Nf6 4. d3 Be7 5. 0-0 0-0 6. h3 d6 7. a4 a5 8. Nbd2 Be6 9. Re1 h6 10. b3 Nd7 11. Bb2 Nb6 12. Bb5 Bf6 13. Bxc6 bxc6 14. d4 exd4 15. Bxd4 Bxd4 16. Nxd4 c5 17. Nxe6 fxe6 18. e5 d5 19. Qg4 Qe7 20. c4 c6 21. Rac1 Nd7 22. Rc3 Rf5 23. f4 Raf8 24. Rf3 Kh7 25. Qg3 g5 26. fxg5 Qxg5 27. Qf2 Qg7 1/2-1/2

[Event "RUS-chT 32nd"]
[Site "Sochi"]
[Date "2025.04.26"]
[Round "1.2"]
[White "Nikitenko, Mihail"]
[Black "Artemiev, Vladislav"]
[Result "1/2-1/2"]
[WhiteElo "2516"]
[BlackElo "2679"]
[PlyCount "39"]
[EventDate "2025.04.26"]
[EventType "team-swiss"]
[EventRounds "9"]
[EventCountry "RUS"]
[SourceTitle "CB19_2025"]
[SourceDate "2025.05.07"]
[SourceVersion "1"]
[SourceVersionDate "2025.05.07"]
[SourceQuality "1"]
[WhiteTeam "Belarus"]
[BlackTeam "Moscow KPRF"]
[WhiteTeamCountry "BLR"]
[BlackTeamCountry "RUS"]

1. d4 Nf6 2. c4 e6 3. Nf3 d5 4. Nc3 c6 5. e3 Nbd7 6. Be2 b6 7. 0-0 Bb7 8. b3 Be7 9. Bb2 0-0 10. Qc2 Qc7 11. Rad1 Rad8 12. Rfe1 h6 13. e4 dxe4 14. Nxe4 Nxe4 15. Qxe4 Nf6 16. Qe3 c5 17. d5 Ng4 18. Qe4 Nf6 19. Qe3 Ng4 20. Qe4 1/2-1/2

[Event "Moscow Ivi GP op"]
[Site "Moscow"]
[Date "2025.03.14"]
[Round "10"]
[White "Tregubenko, Nikolay"]
[Black "Nikitenko, Mihail"]
[Result "0-1"]
[WhiteElo "2193"]
[BlackElo "2521"]
[PlyCount "96"]
[EventDate "2025.03.08"]
[EventType "swiss"]
[EventRounds "10"]
[EventCountry "RUS"]
[SourceTitle "CB12_2025"]
[SourceDate "2025.03.19"]
[SourceVersion "1"]
[SourceVersionDate "2025.03.19"]
[SourceQuality "1"]

1. e4 c5 2. Nf3 g6 3. d4 cxd4 4. Nxd4 Bg7 5. c4 Qb6 6. Nb3 Qc7 7. Be2 d6 8. 0-0 Be6 9. Nd4 Bxc4 10. Qa4+ Nc6 11. Qxc4 Bxd4 12. Nc3 Bg7 13. Nd5 Qd7 14. Bg5 e6 15. Nc3 h6 16. Bf4 Nge7 17. Rfd1 e5 18. Be3 Nd4 19. Bxd4 exd4 20. Nd5 Nxd5 21. Qxd5 0-0 22. Rac1 Rac8 23. g3 Qe7 24. b4 h5 25. Rc4 Rxc4 26. Bxc4 Rc8 27. Rd3 Rc7 28. f4 a6 29. a4 a5 30. Rb3 Qd7 31. e5 Qc8 32. Bd3 Rc1+ 33. Kg2 Rd1 34. Qf3 Rd2+ 35. Kg1 dxe5 36. bxa5 exf4 37. Qxf4 Rd1+ 38. Kg2 Qe6 39. a6 bxa6 40. Rb8+ Kh7 41. Qf3 Rd2+ 42. Kf1 Qh3+ 43. Ke1 Rxh2 44. Re8 Rg2 45. Re5 Qh1+ 46. Bf1 Bxe5 47. Qxg2 Qxg2 48. Bxg2 Bxg3+ 0-1

[Event "Moscow Ivi GP op"]
[Site "Moscow"]
[Date "2025.03.09"]
[Round "3"]
[White "Nikitenko, Mihail"]
[Black "Kononenko, Dmitry1"]
[Result "1-0"]
[WhiteElo "2521"]
[BlackElo "2178"]
[PlyCount "102"]
[EventDate "2025.03.08"]
[EventType "swiss"]
[EventRounds "10"]
[EventCountry "RUS"]
[SourceTitle "CB12_2025"]
[SourceDate "2025.03.19"]
[SourceVersion "1"]
[SourceVersionDate "2025.03.19"]
[SourceQuality "1"]

1. Nf3 d5 2. d4 Nf6 3. c4 c6 4. Nc3 e6 5. e3 Nbd7 6. Be2 dxc4 7. a4 Bb4 8. Bxc4 0-0 9. 0-0 c5 10. Na2 Ba5 11. dxc5 Bc7 12. b4 e5 13. Ng5 Qe7 14. Nc3 e4 15. Nb5 Bxh2+ 16. Kxh2 Qe5+ 17. Kg1 Qxg5 18. Bb2 Ne5 19. Bxe5 Qxe5 20. Qd6 Qxd6 21. Nxd6 Rb8 22. Rfd1 Be6 23. Bxe6 fxe6 24. Rac1 a6 25. b5 axb5 26. axb5 Nd5 27. c6 bxc6 28. bxc6 Rb6 29. c7 Rxd6 30. c8Q Rxc8 31. Rxc8+ Kf7 32. Rd4 Ra6 33. Rxe4 Ra1+ 34. Kh2 Ra2 35. Kg3 Ne7 36. Rc7 Kf6 37. Kf3 h5 38. Rb7 g5 39. g3 Nd5 40. g4 Nc3 41. Rd4 hxg4+ 42. Rxg4 Nd1 43. Rg2 Nc3 44. Rb8 Ra5 45. Rh2 Rf5+ 46. Kg4 Ra5 47. Rh6+ Ke5 48. f4+ Kd5 49. Rxe6 gxf4 50. Re4 f3 51. Ra8 Rxa8 1-0

[Event "Moscow Aeroflot op-A"]
[Site "Moscow"]
[Date "2025.03.06"]
[Round "9"]
[White "Nikitenko, Mihail"]
[Black "Faizrakhmanov, Ramil"]
[Result "1-0"]
[WhiteElo "2521"]
[BlackElo "2420"]
[PlyCount "107"]
[EventDate "2025.03.01"]
[EventType "swiss"]
[EventRounds "9"]
[EventCountry "RUS"]
[SourceTitle "CB11_2025"]
[SourceDate "2025.03.12"]
[SourceVersion "1"]
[SourceVersionDate "2025.03.12"]
[SourceQuality "1"]

1. e4 c5 2. Nc3 d6 3. Bb5+ Bd7 4. Bxd7+ Qxd7 5. d4 cxd4 6. Qxd4 Nc6 7. Qd3 g6 8. Nf3 Bg7 9. 0-0 Nf6 10. Bg5 h6 11. Bh4 0-0 12. Nd5 g5 13. Bg3 Nh5 14. c3 e6 15. Ne3 Rad8 16. Rad1 Nxg3 17. hxg3 Qc7 18. Nd4 d5 19. exd5 Bxd4 20. cxd4 Nb4 21. Qe2 Nxd5 22. Ng4 Kg7 23. f4 f5 24. Ne5 g4 25. Nd3 b6 26. Rfe1 Rfe8 27. Rc1 Qd6 28. Ne5 Nf6 29. Kh2 Rc8 30. Qa6 Rxc1 31. Rxc1 Re7 32. Qc8 h5 33. Rc6 Qd5 34. Rc7 Qd6 35. Rb7 b5 36. a4 a6 37. a5 Ne8 38. Rxe7+ Qxe7 39. Nc6 Qf7 40. Nd8 Nd6 41. Qxa6 Qd7 42. Nc6 h4 43. gxh4 Kh6 44. g3 Nf7 45. Qxb5 Nd8 46. d5 Kh5 47. Nd4 Qa7 48. Qe8+ Nf7 49. dxe6 Qxd4 50. Qxf7+ Kh6 51. Qf8+ Kh5 52. Qxf5+ Kh6 53. Qg5+ Kh7 54. Qh5+ 1-0

[Event "Moscow Aeroflot op-A"]
[Site "Moscow"]
[Date "2025.03.05"]
[Round "7"]
[White "Nikitenko, Mihail"]
[Black "Pavlov, Danila"]
[Result "0-1"]
[WhiteElo "2521"]
[BlackElo "2364"]
[PlyCount "102"]
[EventDate "2025.03.01"]
[EventType "swiss"]
[EventRounds "9"]
[EventCountry "RUS"]
[SourceTitle "CB11_2025"]
[SourceDate "2025.03.12"]
[SourceVersion "1"]
[SourceVersionDate "2025.03.12"]
[SourceQuality "1"]

1. d4 Nf6 2. Bf4 g6 3. Nc3 d5 4. e3 c6 5. Be2 Bg7 6. Nf3 0-0 7. 0-0 Bg4 8. Ne5 Bxe2 9. Nxe2 Nh5 10. c3 Nd7 11. a4 Nxf4 12. exf4 a5 13. h4 h5 14. Qd3 e6 15. g3 c5 16. Kg2 Rc8 17. Rh1 cxd4 18. cxd4 Nxe5 19. fxe5 Qb6 20. b3 Qa6 21. Qd1 Rc7 22. Ra2 Qc6 23. Qd3 Qa6 24. Qb1 f5 25. exf6 Rxf6 26. f4 Kh7 27. Rd1 Rf8 28. Ng1 Rc3 29. Nf3 Bf6 30. Rf2 Qb6 31. Rb2 Rfc8 32. b4 Kg7 33. bxa5 Qxb2+ 34. Qxb2 Rc2+ 35. Rd2 Rxb2 36. Rxb2 Rc7 37. Kf2 Bd8 38. Ne5 Kf6 39. Nd3 Kf5 40. Nc5 Bf6 41. Nxb7 Bxd4+ 42. Kf3 Rc3+ 43. Kg2 Kg4 44. Kh2 Rc7 45. Rd2 Be3 46. Rb2 d4 47. f5 d3 48. fxg6 d2 49. Rxd2 Bxd2 50. a6 Be3 51. Kg2 Rc2+ 0-1

[Event "Moscow Aeroflot op-A"]
[Site "Moscow"]
[Date "2025.03.03"]
[Round "5"]
[White "Nikitenko, Mihail"]
[Black "Esipenko, Andrey"]
[Result "0-1"]
[WhiteElo "2521"]
[BlackElo "2691"]
[PlyCount "66"]
[EventDate "2025.03.01"]
[EventType "swiss"]
[EventRounds "9"]
[EventCountry "RUS"]
[SourceTitle "CB11_2025"]
[SourceDate "2025.03.12"]
[SourceVersion "1"]
[SourceVersionDate "2025.03.12"]
[SourceQuality "1"]

1. d4 Nf6 2. c4 e6 3. Nf3 d5 4. g3 Be7 5. Bg2 0-0 6. 0-0 dxc4 7. Qc2 b5 8. a4 b4 9. Ne5 Qxd4 10. Bxa8 Qxe5 11. Bf4 Qh5 12. Bf3 Ng4 13. Bxg4 Qxg4 14. f3 Qh5 15. Qxc4 Ba6 16. Qe4 Nd7 17. Nd2 Nf6 18. Qe5 Qg6 19. Qxc7 Nd5 20. Qxa7 Bxe2 21. Rf2 Qd3 22. Ne4 Bxf3 23. Bd6 Bxd6 24. Nxd6 Nf6 25. Raf1 Ba8 26. Qc5 Rd8 27. Nc8 Ne4 28. Ne7+ Kh8 29. Qc7 Nxf2 30. Rxf2 h6 31. h4 f6 32. Kh2 Qd1 33. Nc6 Re8 0-1

[Event "BLR-ch 91st"]
[Site "Minsk"]
[Date "2025.01.19"]
[Round "10"]
[White "Aleksandrov, Aleksej"]
[Black "Nikitenko, Mihail"]
[Result "0-1"]
[WhiteElo "2415"]
[BlackElo "2517"]
[PlyCount "98"]
[EventDate "2025.01.10"]
[EventType "tourn"]
[EventRounds "11"]
[EventCountry "BLR"]
[EventCategory "4"]
[SourceTitle "CB04_2025"]
[SourceDate "2025.01.22"]
[SourceVersion "1"]
[SourceVersionDate "2025.01.22"]
[SourceQuality "1"]

1. d4 g6 2. e4 Bg7 3. c4 d6 4. Nc3 c5 5. Nf3 Qa5 6. dxc5 Qxc5 7. Be2 Bxc3+ 8. bxc3 Nf6 9. Be3 Qc7 10. c5 dxc5 11. e5 Nfd7 12. e6 fxe6 13. h4 Nf6 14. h5 Rg8 15. hxg6 hxg6 16. Qc2 Nbd7 17. Rd1 Nf8 18. Bh6 Bd7 19. Bxf8 Kxf8 20. Qd2 Ke8 21. Qg5 Ba4 22. Rd3 Bb5 23. Re3 Bxe2 24. Rxe2 Rd8 25. 0-0 Rd6 26. Rfe1 Qc6 27. c4 Nd7 28. Qh4 a6 29. Ng5 e5 30. f4 Rf8 31. fxe5 Rd4 32. Qh3 Rf5 33. Nf3 Rdf4 34. Qg3 Nf8 35. Rd1 g5 36. e6 g4 37. Ng5 Ng6 38. Red2 Kf8 39. Qc3 Kg8 40. Nf7 Rf6 41. Re2 Qa4 42. Rc1 Rd4 43. Ng5 Nf4 44. Ree1 Qc6 45. Qc2 Rg6 46. Ne4 Rxe6 47. Ng3 Rxc4 48. Qd2 Rxc1 49. Rxc1 Re2 0-1

[Event "BLR-ch 91st"]
[Site "Minsk"]
[Date "2025.01.16"]
[Round "7"]
[White "Nikitenko, Mihail"]
[Black "Strybuk, Artsiom I"]
[Result "1-0"]
[WhiteElo "2517"]
[BlackElo "2437"]
[PlyCount "45"]
[EventDate "2025.01.10"]
[EventType "tourn"]
[EventRounds "11"]
[EventCountry "BLR"]
[EventCategory "4"]
[SourceTitle "CB04_2025"]
[SourceDate "2025.01.22"]
[SourceVersion "1"]
[SourceVersionDate "2025.01.22"]
[SourceQuality "1"]

1. d4 Nf6 2. Bf4 g6 3. Nd2 Bg7 4. Ngf3 0-0 5. e4 d5 6. e5 Ne4 7. Bd3 Nxd2 8. Qxd2 Bg4 9. h4 c5 10. h5 Bxf3 11. gxf3 Nc6 12. Bh6 Nxd4 13. 0-0-0 Bxe5 14. c3 Nc6 15. f4 Bf6 16. f5 g5 17. f4 g4 18. Qg2 Kh8 19. Bxf8 Qxf8 20. Qxd5 Qh6 21. Qe4 g3 22. Kb1 Rg8 23. Be2 1-0

[Event "BLR-ch 91st"]
[Site "Minsk"]
[Date "2025.01.12"]
[Round "3"]
[White "Gvozdev, Timur"]
[Black "Nikitenko, Mihail"]
[Result "0-1"]
[WhiteElo "1990"]
[BlackElo "2517"]
[PlyCount "72"]
[EventDate "2025.01.10"]
[EventType "tourn"]
[EventRounds "11"]
[EventCountry "BLR"]
[EventCategory "4"]
[SourceTitle "CB04_2025"]
[SourceDate "2025.01.22"]
[SourceVersion "1"]
[SourceVersionDate "2025.01.22"]
[SourceQuality "1"]

1. e4 e5 2. Nf3 Nc6 3. Bb5 a6 4. Ba4 d6 5. c3 f5 6. exf5 Bxf5 7. 0-0 Bd3 8. Re1 Be7 9. Bc2 Bxc2 10. Qxc2 Nf6 11. d4 e4 12. Nfd2 d5 13. f3 exf3 14. Nxf3 0-0 15. Bg5 Qd7 16. Nbd2 Bd6 17. Re2 Qg4 18. Bxf6 Rxf6 19. Qb3 Qh5 20. Ne4 Rxf3 21. gxf3 Na5 22. Qc2 dxe4 23. fxe4 Bf4 24. Rf1 Rf8 25. Kh1 g5 26. Qd3 b5 27. e5 Nc4 28. Rff2 g4 29. e6 Bd6 30. Rxf8+ Kxf8 31. Qe4 Ke7 32. Rf2 Nb6 33. Rf7+ Ke8 34. Qc6+ Kd8 35. Rd7+ Kc8 36. Rxd6 g3 0-1

[Event "Harbin SCO Team 6th"]
[Site "Harbin"]
[Date "2025.01.01"]
[Round "6.5"]
[White "Nikitenko, Mihail"]
[Black "Hou, Yifan B"]
[Result "1-0"]
[WhiteElo "2522"]
[BlackElo "2199"]
[PlyCount "88"]
[EventDate "2024.12.31"]
[EventType "team-tourn (rapid)"]
[EventRounds "11"]
[EventCountry "CHN"]
[SourceTitle "CB02_2025"]
[SourceDate "2025.01.08"]
[SourceVersion "1"]
[SourceVersionDate "2025.01.08"]
[SourceQuality "1"]
[WhiteTeam "Belarus"]
[BlackTeam "China Heilongjiang"]
[WhiteTeamCountry "BLR"]
[BlackTeamCountry "CHN"]

1. c4 e6 2. g3 d5 3. Bg2 Nf6 4. Nf3 d4 5. 0-0 c5 6. b4 cxb4 7. a3 Nc6 8. d3 a5 9. Nbd2 Be7 10. axb4 Bxb4 11. Ba3 Bxa3 12. Rxa3 0-0 13. Qa1 e5 14. Rb1 Re8 15. Ng5 Re7 16. Rb5 h6 17. Nge4 Rc7 18. Nxf6+ Qxf6 19. c5 Bg4 20. Qb2 Qe7 21. Nc4 Be6 22. Nd6 Rb8 23. Rb6 Qd7 24. Qb5 Ne7 25. Rxa5 Bd5 26. Qxd7 Rxd7 27. Bxd5 Nxd5 28. Rb2 Nc3 29. Ra7 Rc7 30. Raxb7 Rbxb7 31. Rxb7 Rxb7 32. Nxb7 Nxe2+ 33. Kg2 Nc3 34. c6 Nd5 35. Kf3 Nc7 36. Ke4 f6 37. f4 exf4 38. gxf4 Kf7 39. f5 Nb5 40. Kd5 Ke7 41. Nc5 h5 42. Ne6 Nd6 43. Nxg7 h4 44. Kxd4 Kf7 1-0

[Event "Tashkent President op 3rd"]
[Site "Tashkent"]
[Date "2024.11.27"]
[Round "7"]
[White "Nikitenko, Mihail"]
[Black "Akhilbay, Imangali"]
[Result "1-0"]
[WhiteElo "2490"]
[BlackElo "2306"]
[PlyCount "63"]
[EventDate "2024.11.21"]
[EventType "swiss"]
[EventRounds "9"]
[EventCountry "UZB"]
[SourceTitle "CB49_2024"]
[SourceDate "2024.12.04"]
[SourceVersion "1"]
[SourceVersionDate "2024.12.04"]
[SourceQuality "1"]

1. Nf3 d5 2. d4 e6 3. c4 Nf6 4. Nc3 a6 5. cxd5 exd5 6. Bg5 Be6 7. e3 Nbd7 8. Bd3 h6 9. Bh4 g5 10. Bg3 Nh5 11. Be5 Nhf6 12. Bg3 Nh5 13. Qc2 Nxg3 14. hxg3 Bg7 15. Rd1 0-0 16. Bh7+ Kh8 17. Bf5 Kg8 18. Ne2 Nf6 19. Bxe6 fxe6 20. Qg6 Ne4 21. Qxe6+ Kh7 22. Nc3 Nxc3 23. bxc3 a5 24. Rb1 Ra6 25. Qg4 Kg8 26. Rxb7 Qd6 27. 0-0 Qc6 28. Rfb1 Qxc3 29. Qd7 Rf7 30. Qxd5 Rd6 31. Rb8+ Bf8 32. Qe4 1-0

[Event "Tashkent President op 3rd"]
[Site "Tashkent"]
[Date "2024.11.26"]
[Round "6"]
[White "Yakubboev, Nodirbek"]
[Black "Nikitenko, Mihail"]
[Result "1-0"]
[WhiteElo "2668"]
[BlackElo "2490"]
[PlyCount "137"]
[EventDate "2024.11.21"]
[EventType "swiss"]
[EventRounds "9"]
[EventCountry "UZB"]
[SourceTitle "CB49_2024"]
[SourceDate "2024.12.04"]
[SourceVersion "1"]
[SourceVersionDate "2024.12.04"]
[SourceQuality "1"]

1. d4 d5 2. c4 e6 3. Nf3 Nf6 4. Nc3 a6 5. c5 b6 6. cxb6 cxb6 7. Bf4 Bd6 8. e3 0-0 9. Bd3 Bb7 10. Rc1 Nc6 11. Bg5 h6 12. Bh4 Be7 13. 0-0 Nd7 14. Bxe7 Qxe7 15. Ne2 Qd6 16. Rc3 Rfc8 17. Bb1 Nf6 18. Nf4 a5 19. Qb3 Ne4 20. Rcc1 Qb4 21. Qxb4 axb4 22. Rfd1 Nd6 23. Ne5 Na5 24. Nd7 Rxc1 25. Rxc1 Bc6 26. Ne5 Bb5 27. b3 Be8 28. Bd3 Ra7 29. h4 f6 30. Neg6 Kf7 31. Be2 Bd7 32. Bh5 Kg8 33. Bg4 Kf7 34. Bh5 Kg8 35. Nd3 Nc6 36. Ngf4 g5 37. hxg5 hxg5 38. Nxe6 Ne4 39. f4 Nc3 40. f5 Nxa2 41. Rc2 Ne7 42. Rf2 Nc3 43. g4 Ne4 44. Rc2 Ng3 45. Rc7 Rxc7 46. Nxc7 Nxh5 47. gxh5 Bxf5 48. Nxb4 Be4 49. Na8 Nf5 50. Nxb6 Nxe3 51. Nd7 Kf7 52. Nc5 Nf5 53. Nc6 Nd6 54. b4 Bf3 55. h6 Kg6 56. Kf2 g4 57. Na7 f5 58. b5 f4 59. Nd3 Kxh6 60. Nxf4 Kg5 61. Nd3 Be4 62. Nc5 Nc4 63. Kg3 Bf5 64. Na4 Nd6 65. b6 Be4 66. Nc5 Bf3 67. Nb5 Nf5+ 68. Kf2 Ne7 69. Na7 1-0

[Event "Tashkent President op 3rd"]
[Site "Tashkent"]
[Date "2024.11.25"]
[Round "5"]
[White "Nikitenko, Mihail"]
[Black "Tabatabaei, Mohammad Amin"]
[Result "1/2-1/2"]
[WhiteElo "2490"]
[BlackElo "2686"]
[PlyCount "120"]
[EventDate "2024.11.21"]
[EventType "swiss"]
[EventRounds "9"]
[EventCountry "UZB"]
[SourceTitle "CB49_2024"]
[SourceDate "2024.12.04"]
[SourceVersion "1"]
[SourceVersionDate "2024.12.04"]
[SourceQuality "1"]

1. Nf3 d5 2. d4 Nf6 3. c4 e6 4. Nc3 Nbd7 5. Bf4 Bb4 6. cxd5 exd5 7. e3 Ne4 8. Qc2 g5 9. Be5 Nxe5 10. Nxe5 c6 11. Bd3 f6 12. Nf3 Qe7 13. a3 Bxc3+ 14. bxc3 Nd6 15. Nd2 Be6 16. 0-0 0-0-0 17. a4 h5 18. a5 h4 19. e4 h3 20. g3 dxe4 21. Nxe4 Nxe4 22. Bxe4 Qd6 23. Rab1 Rhe8 24. Rfe1 Re7 25. c4 Qxd4 26. a6 Qc5 27. axb7+ Kb8 28. Qc3 Bxc4 29. Qxf6 Rde8 30. Red1 Bb5 31. Bf5 Qe5 32. Qxe5+ Rxe5 33. Bxh3 Kxb7 34. Rdc1 Kc7 35. Bg2 R8e6 36. h4 Kb6 37. hxg5 Rxg5 38. Rc3 a5 39. Rbc1 a4 40. f4 Rg8 41. Kf2 Re2+ 42. Kf3 Rb2 43. Bf1 Rb3 44. Rxb3 axb3 45. Bxb5 Kxb5 46. Rc3 Kb4 47. Rxc6 Rb8 48. Rc1 b2 49. Rb1 Kc3 50. Ke4 Kc2 51. Rxb2+ Rxb2 52. g4 Rb4+ 53. Ke5 Kd3 54. g5 Rb5+ 55. Kf6 Rb6+ 56. Kf5 Rb5+ 57. Kf6 Ke4 58. g6 Rb6+ 59. Kg5 Rxg6+ 60. Kxg6 Kxf4 1/2-1/2

[Event "Kazakhstan Cup Final"]
[Site "Almaty"]
[Date "2024.11.17"]
[Round "3.2"]
[White "Makhnev, Denis"]
[Black "Nikitenko, Mihail"]
[Result "1/2-1/2"]
[WhiteElo "2536"]
[BlackElo "2490"]
[PlyCount "37"]
[EventDate "2024.11.12"]
[EventType "k.o."]
[EventRounds "4"]
[EventCountry "KAZ"]
[SourceTitle "CB47_2024"]
[SourceDate "2024.11.20"]
[SourceVersion "1"]
[SourceVersionDate "2024.11.20"]
[SourceQuality "1"]

1. d4 Nf6 2. c4 e6 3. Nc3 Bb4 4. Qc2 0-0 5. a3 Bxc3+ 6. Qxc3 d5 7. Bg5 dxc4 8. Qxc4 b6 9. Nf3 Ba6 10. Qa4 c5 11. dxc5 bxc5 12. Rd1 Qb6 13. Bxf6 gxf6 14. Rd2 Nc6 15. Qg4+ Kh8 16. Qh4 Kg7 17. Qg4+ Kh8 18. Qh4 Kg7 19. Qg4+ 1/2-1/2

[Event "Kazakhstan Cup Final"]
[Site "Almaty"]
[Date "2024.11.17"]
[Round "3.3"]
[White "Makhnev, Denis"]
[Black "Nikitenko, Mihail"]
[Result "1/2-1/2"]
[WhiteElo "2536"]
[BlackElo "2490"]
[PlyCount "58"]
[EventDate "2024.11.12"]
[EventType "k.o."]
[EventRounds "4"]
[EventCountry "KAZ"]
[SourceTitle "CB47_2024"]
[SourceDate "2024.11.20"]
[SourceVersion "1"]
[SourceVersionDate "2024.11.20"]
[SourceQuality "1"]

1. d4 Nf6 2. c4 e6 3. Nf3 d5 4. g3 Be7 5. Bg2 0-0 6. 0-0 dxc4 7. Qc2 Bd7 8. a4 a6 9. Qxc4 Bc6 10. Bg5 Nbd7 11. Nc3 h6 12. Bxf6 Nxf6 13. a5 Bd5 14. Qd3 Bxf3 15. Bxf3 c6 16. Qc4 Qc7 17. Rfd1 Rfd8 18. e3 Rac8 19. Kg2 Bd6 20. b4 e5 21. Rab1 exd4 22. Rxd4 Be5 23. Rdd1 Rxd1 24. Rxd1 Rd8 25. Rxd8+ Qxd8 26. Na4 Qe7 27. Nc5 Bd6 28. Nd3 Nd7 29. Bg4 Ne5 1/2-1/2